ბათუმის შოთა რუსთაველის სახელმწიფო უნივერსიტეტის ბიბლიოთეკა

როდესაც ზნეობა მთვარის შუქზე საწმერთულს იხდის : (ბიბ.ჩანაწერი № 40871)

000 -ლიდერი
ფიქსირებული სიგრძის საკონტროლო ველი 00932nam a2200205Ia 4500
001 - საკონტროლო ნომერი
საკონტროლო ველი 7515
003 - საკონტროლო ნომრის იდენტიფიკატორი
საკონტროლო ველი GE_BSU
005 - ბოლო ოპერაციის თარიღი და დრო
საკონტროლო ველი 20200109121714.0
008 - ფიქსირებული სიგრძის მონაცემთა ელემენტები - ზოგადი ინფორმაცია
ფიქსირებული სიგრძის საკონტროლო ველი 181216s2010||||ge |||||||||||||| ||geo||
040 ## - კატალოგიზაციის წყარო
Transcribing agency GE_BSU
041 ## - ენის კოდი
Language code of text/sound track or separate title geo
080 ## - უნივერსალური ათობითი კლასიფიკაციის ინდექსი
Universal Decimal Classification number 821.353.1-92 ს-37
100 ## - მთავარი ჩანაწერი - პიროვნების სახელი
Personal name საჯაია, სერგი (გიორგი)
9 (RLIN) 6037
245 ## - ცნობა სათაურის შესახებ
Title როდესაც ზნეობა მთვარის შუქზე საწმერთულს იხდის :
Remainder of title [წერილები] /
Statement of responsibility, etc სერგი (გიორგი) საჯაია ; წინასიტყვ. ავტ. და რედ. დაზმირ ჯოჯუა.
264 ## - წარმოების, გამოცემის, დისტრიბუციის და სხვა ცნობები
გამოცემის, წარმოების, დისტრიბუციის... ადგილი თბილისი,
გამოცემის, წარმოების, დისტრიბუციის... სახელწოდება 2010.
300 ## - ფიზიკური აღწერა
Extent 664 გვ.;
Other physical details 20 სმ.
653 ## - INDEX TERM--UNCONTROLLED
Uncontrolled term მხატვრული ლიტერატურა
700 ## - ADDED ENTRY--PERSONAL NAME
Personal name ჯოჯუა, დაზმირ
Relator term რედაქტორი
9 (RLIN) 6042
942 ## - ADDED ENTRY ELEMENTS (KOHA)
Koha item type წიგნი
Source of classification or shelving scheme
ეგზემპლარები
ჩამოწერის სტატუსი დაკარგული ეგზემპლარის სტატუსი კლასიფიკაციის წყარო ან თაროზე გაწყობის სქემა დაზიანების სტატუსი არ გაიცემა მუდმივი მდებარეობა (დაცვის ადგილი) ამჟამინდელი ადგილსამყოფელი თაროზე განთავსების ადგილი შეძენის თარიღი სრული შენახვის შიფრი შტრიხკოდი ბოლო ოპერაციის თარიღი ეგზემპლარის მიმდევრობითი ნომერი (კეტერი?) ფასის ძალაში შესვლის თარიღი ეგზემპლარის სახეობა
          ბათუმის შოთა რუსთაველის სახელმწიფო უნივერსიტეტის მთავარი ბიბლიოთეკა ბათუმის შოთა რუსთაველის სახელმწიფო უნივერსიტეტის მთავარი ბიბლიოთეკა წიგნსაცავი 2018-12-17 821.353.1-92 ს-37 7298 2018-12-17 7298 2018-12-17 წიგნი